Formula one Mercedes drivers Sudden death - Statistics

General Stats
  • This quiz has been taken 116 times
    106 since last reset
  • The average score is 6 of 8
Answers on the Grid
Answers color-coded by a green-red scale on the quiz's grid according to % correct below.
George Russell
Fernando Alonso
Ruben Barrichello
Andrea Kimi Antonelli
Jenson Button
Keke Rosberg
Felipe Massa
Heikki Kovalainen
Esteban Ocon
Felipe Nasr
Nick Heidfeld
Adrian Sutil
Romain Grosjean
Kimi Raikkonen
Lando Norris
Juan Manuel Fangio
Valtteri Bottas
Graham Hill
Nico Hulkenberg
Nico Rosberg
Timo Glock
Ralf Schumacher
Lewis Hamilton
Mick Schumacher
Gaston Mazzacane
Stirling Moss
Jose Florian Gonzalez
Jos Verstappen
Michael Schumacher
Niki Lauda
Mario Andretti
Rene Arnoux
 
Answer Stats
Answer % Correct
George Russell
96%
Andrea Kimi Antonelli
91%
Valtteri Bottas
81%
Lewis Hamilton
78%
Nico Rosberg
76%
Michael Schumacher
71%
Juan Manuel Fangio
60%
Stirling Moss
37%
No matching quizzes found
Score Distribution
Percent of People with Each Score
Percentile by Number Answered
Your Score History
You have not taken this quiz since the last reset